| 000 | 00000nas##2200000za#4500 |
| 001 | 9.514670 |
| 003 | CaOODSP |
| 005 | 20200331220012 |
| 007 | ta |
| 008 | 150406c1979||||xxc|| m #||||f| |0eng|d |
| 022 | |a0706-6481 |
| 040 | |aCaOODSP|beng |
| 043 | |an-cn--- |
| 086 | 1 |aFs41-31E |
| 110 | 1 |aCanada. |bDepartment of Fisheries and Oceans. |
| 245 | 10|aCanadian special publication of fisheries and aquatic sciences |
| 260 | |aOttawa - Ontario : |bFisheries and Oceans Canada |c1979--. |
| 500 | |aCanadian cataloguing in publication data (CIP) printed on these publications. |
| 546 | |a(Résumés en français.) |
| 563 | |aSoftcover |
| 775 | 08|tCanadian special publication of fisheries and aquatic sciences = |w(CaOODSP)9.509336 |
| 775 | 08|tCanadian special publication of fisheries and aquatic sciences = |w(CaOODSP)9.509337 |
| 776 | 0#|tCanadian special publication of fisheries and aquatic sciences.|w(CaOODSP)9.806457 |